30 Facts That Start with 'O' Quiz Stats

 Plays Quiz Updated Nov 7, 2017

Also try: Doubled Things
Challenge
Share
Tweet
Embed
Score 0/30 Timer 05:00
5 Plays Today
Question Answer % Correct
What city is home to England's oldest university?Oxford
93.4%
What name is given to a polygon with eight straight sides?Octagon
92.5%
What name is given to the Japanese art of paper-folding?Origami
91.3%
What is the surname of celebrity twins Mary-Kate and Ashley?Olsen
89.3%
What is the 24th and last letter of the Greek alphabet?Omega
86.7%
What is the capital city of Canada?Ottawa
86.5%
Which tree, belonging to the Quercus genus, bears fruit known as acorns?Oak
86.4%
What woodwind instrument's name comes from French for 'high wood'?Oboe
85.3%
What is Canada's most populous province?Ontario
85.2%
Which former Turkish empire shares its name with an upholstered footstool?Ottoman
82.9%
What chemical element has atomic number 8?Oxygen
81.7%
'The Moor of Venice' is the subtitle of what Shakespeare play?Othello
81.6%
Pearls are most commonly produced in what type of bivalve mollusc?Oyster
81.2%
Betelgeuse is a star in what constellation, named after a Greek hunter?Orion
77.8%
What mountain, Greece's highest, was home to the twelve chief Greek gods?Olympus (Mount)
76.9%
Question Answer % Correct
One of the world's busiest airports, what airport serves Chicago?O'Hare International Airport
74.8%
What is the name of the MLB baseball team based in Baltimore?Orioles
74.6%
Who is lead singer of the heavy metal group 'Black Sabbath'?Osbourne (Ozzy)
72.7%
What name is given to a figure of self-contradictory speech, such as 'deafening silence' or 'living dead'?Oxymoron
65.7%
Who did Jacqueline Kennedy (née Bouvier) marry in 1968?Onassis (Aristotle)
65.5%
Who was the supreme god and creator in Norse mythology?Odin
65.4%
Christiania was the former name of what European capital city?Oslo
65.1%
'Oh, What a Beautiful Mornin'' is a song from what stage musical?Oklahoma!
64.3%
In Greek myth, who killed his father and married his mother, Jocasta?Oedipus
62.2%
Which US athlete won four gold medals at the 1936 Berlin Olympics?Owens (Jesse)
61.1%
'Ms. Jackson', 'Hey Ya!' and 'Roses' were hits for which hip hop duo?OutKast
59.2%
The name of which animal is derived from the Malay for 'person of the forest'?Orangutan
53.4%
Karl Marx famously described 'religion' as 'the ____ of the people'?Opium
46.4%
Eric Arthur Blair used what pen-name when writing novels?Orwell (George)
38.3%
'Long Day's Journey into Night' and 'The Iceman Cometh' are plays by which US writer?O'Neill (Eugene)
21.5%

You're not logged in!

Compare scores with friends on all Sporcle quizzes.
Join for Free
OR
Log In

You Might Also Like...

Show Comments

Extras

Top Quizzes Today


Score Distribution

Your Account Isn't Verified!

In order to create a playlist on Sporcle, you need to verify the email address you used during registration. Go to your Sporcle Settings to finish the process.

Report this User

Report this user for behavior that violates our Community Guidelines.

Details: